|
|
|
|
| LEADER |
01497nam a2200397 a 4500 |
| 001 |
000705267 |
| 003 |
CZ BrMZK |
| 005 |
20100917134648.0 |
| 007 |
ta |
| 008 |
040203s2004 xr c 000 j cze d |
| 015 |
|
|
|a cnb001302205
|
| 020 |
|
|
|a 80-7200-888-9
|
| 035 |
|
|
|a (OCoLC)56871187
|
| 040 |
|
|
|a ULG001
|b cze
|d BOA001
|
| 041 |
1 |
|
|a cze
|h eng
|
| 072 |
|
7 |
|a 821-93
|x Literatura pro děti a mládež (beletrie)
|2 Konspekt
|9 26
|
| 072 |
|
7 |
|a 821.111-3
|x Anglická próza, anglicky psaná
|2 Konspekt
|9 25
|
| 080 |
|
|
|a 821.111(94)-32
|2 MRF
|
| 080 |
|
|
|a 821-93
|2 MRF
|
| 080 |
|
|
|a (0:82-322.9)
|2 MRF
|
| 100 |
1 |
|
|a Rodda, Emily,
|d 1948-
|7 jo2004213847
|4 aut
|
| 245 |
1 |
0 |
|a Deltora.
|n 1,
|p Lesy hrůzovlády /
|c Emily Roddaová ; [z anglického originálu ... přeložila Olga Machútová]
|
| 246 |
3 |
0 |
|a Lesy hrůzovlády
|
| 250 |
|
|
|a 1. vyd.
|
| 260 |
|
|
|a Havlíčkův Brod :
|b Fragment,
|c 2004
|
| 300 |
|
|
|a 125 s. ;
|c 20 cm
|
| 490 |
1 |
|
|a Země nestvůr a kouzel
|
| 655 |
|
7 |
|a australské příběhy
|7 fd230221
|2 czenas
|
| 655 |
|
7 |
|a fantasy příběhy
|7 fd184198
|2 czenas
|
| 655 |
|
7 |
|a publikace pro děti
|7 fd133156
|2 czenas
|
| 765 |
0 |
|
|t <<The >>forests of silence
|9 Česky
|
| 830 |
|
0 |
|a Země nestvůr a kouzel
|
| 856 |
4 |
1 |
|u http://www.digitalniknihovna.cz/mzk/uuid/uuid:8eaebc70-fa75-11e2-9923-005056827e52
|y Digitalizovaný dokument
|x NDK
|
| 910 |
|
|
|a BOA001
|b 1-1129.821,1
|
| 990 |
|
|
|a BK
|
| 996 |
6 |
|
|b 2610212283
|c 1-1129.821,1
|l MZK
|r Sklad / do 1 hodiny
|n 2
|p p.v.
|w 000705267
|u 000010
|a 1
|e BOA001
|j MZK50
|s P
|